000 00608cam a2200229 4500
008 090401t1999 xxu||||| |||| 00| 0 eng d
020 _a0471321923
035 _a(Sirsi) u85950
041 _aeng
050 _a333.70285
100 _aBernhardsen, Tor
245 _aGeographic information systems : an introduction.
250 _a2nd ed.
260 _aNew York
_bJohn Wiley & Sons Inc.
_c1999
300 _axvi,372p. : ill. ; 24cm.
350 _a38.95
650 _aGIS
650 _aGIS
690 _aMANAGEMENT-BUSINESS MANAGEMENT-INFORMATION MANAGEMENT
942 _n0
948 _c30/04/1998
999 _c97092
_d97092